Apprendre le REGEX 1. Début et Fin : ^ $ - Statistiques

Statistiques générales
  • Ce quiz a été pris 80 fois
  • Le résultat moyen est 8 sur 8
Statistiques - réponses
Indice ( REGEX ) Réponse % Correct
GUEJDC GUEJDC
100%
DFKEL$ DFKEL
99%
FIUEF FIUEF
99%
^JFIEJKS JFIEJKS
97%
JFKEL$ JFKEL
97%
^KDOE$ KDOE
97%
^OFLEF OFLEF
97%
^FJDIOFJFD$ FJDIOFJFD
95%
Aucun quiz correspondant
Distribution des résultats
% des personnes avec chaque résultat
Percentile par nombre de réponses
Votre historique - résultats
Vous n’avez pas pris ce quiz